LEADER 01277nas a2200241 i 4500 001 000000000542 003 CaOOAMICUS 005 20220713102905.0 008 180830s1993 xx u0 und u 040 $aSeMil$bita 245 00$aAtlante dei beni culturali dell'Emilia Romagna /$ca cura di Giuseppe Adani, Jadranka Bentini ; presidente dell'opera Andrea Emiliani ; coordinamento editoriale Graziano Manni ; fotografo Marco Ravenna. 264 1$a[Italia] :$bCarimonte Banca [poi] Rolo Banca 1473,$c1993. 300 $av. ;$c31 cm. 650 4$aBeni culturali - Conservazione, gestione, valorizzazione e tutela.$0(OLS)http://semarc/subject/3933 650 4$aEmilia Romagna - Patrimonio culturale.$0(OLS)http://semarc/subject/54 700 1 $aAdani, Giuseppe.$0(OLS)http://semarc/name/386 700 1 $aBentini, Jadranka,$d<1946- >.$0(OLS)http://semarc/name/387 700 1 $aRavenna, Marco.$0(OLS)http://semarc/name/390 700 1 $aManni, Graziano.$0(OLS)http://semarc/name/389 700 1 $aEmiliani, Andrea,$d<1931-2019>.$0(OLS)http://semarc/name/388 996 $6245$aAtlante dei beni culturali dell'Emilia Romagna$9(OLS)http://semarc/title/740 996 $6264$a[Italia] :$bCarimonte Banca [poi] Rolo Banca 1473$9(OLS)http://semarc/publisher/29891 LEADER 01091nam a2200229 i 4500 001 000000229861 003 CaOOAMICUS 005 20140520000000.0 008 140520s1895 it u000 u mul u 013 $a208763 040 $aSeMil$bita 245 10$aActa apostolorum sive Lucae ad Theophilum liber alter. 250 $aEditio philologica, apparatu critico, commentario perpetuo, indice verborum illustrata. 260 $aGöttingen :$bVandenhoeck & Ruprecht,$c1895. 300 $aX, 334 p. ;$c28 cm. 650 4$aBibbia - NT - Atti degli Apostoli - Traduzioni greche.$0(OLS)http://semarc/subject/4706 650 4$aBibbia - NT - Atti degli Apostoli - Analisi filologica.$0(OLS)http://semarc/subject/41344 700 1 $aBlass, Friedrich,$d<1843-1907>.$0(OLS)http://semarc/name/11792 850 $aSeMil 852 $aSeMil$W1$xVenegono$y1$m2V IV 53 FA$j180207$B180207$CSeMilBibl$Z2$F191270 $8I 996 $6245$aActa apostolorum sive Lucae ad Theophilum liber alter$9(OLS)http://semarc/title/328631 996 $6260$aGöttingen :$bVandenhoeck & Ruprecht$9(OLS)http://semarc/publisher/29697